000 00778nam a22002177a 4500
003 UA-OsUOA
001 135976
007 ta
008 20190225b un ||||| |||| 00| 0 ukr d
090 _a262.12(560:477)
_bК65
942 _cBK
040 _aUA-OsUOA
_bukr
_cUA-OsUOA
_dUA-OsUOA
245 _aКонстантинопольський патріархат в історії України: минуле, сучасне, майбутнє
_bзбірник доповідей міжнародної науково-практичної конференції
300 _a152 с.
955 _a1
041 _aukr
080 _a262.12(560:477)
260 _aК.
_bКБСБ
_c2017
650 7 _a26 Християнська Церква загалом
_2UDC
999 _c397740
_d397740